000
00213nam a2200097 a 4500
005
20140414132011.0
008
110310s19uu xx 00 eng d
050
_a
VCD
_b
P57
245
_a
Pinocchio.
999
_c
113273
_d
113273